000
00330nam a22001457a 4500
008
230831b ||||| |||| 00| 0 eng d
020
_a
9781319042271
041
_a
eng
080
_2
FOURTH EDITION
_a
37
082
_a
37ANK
100
_a
22
101
_a
EDUK
245
_a
REAL SKILLS WITH READINGS
_c
ANKER.S
942
_2
udc
_c
BK
999
_c
60222
_d
60222